Normal view
MARC view
Entry Meeting Name
001 - CONTROL NUMBER
- control field: 4468
003 - CONTROL NUMBER IDENTIFIER
- control field: ARRUPE
005 - DATE AND TIME OF LATEST TRANSACTION
- control field: 20131129140555.0
008 - FIXED-LENGTH DATA ELEMENTS
- fixed length control field: 131129|| aca||aabn | a|a d
040 ## - CATALOGING SOURCE
- Original cataloging agency: ARRUPE
- Transcribing agency: ARRUPE
111 ## - HEADING--MEETING NAME
- Meeting name or jurisdiction name as entry element: National Conference on Engineering Ethics
- Number of part/section/meeting: (3rd :
- Date of meeting: 1985 :
- Location of meeting: Los Angeles, Calif.)
670 ## - SOURCE DATA FOUND
- Source citation: Work cat.: (ARRUPE)0: Ethics and risk management in engineering /, c1989.